00499nam a2200145Ia 4500008004100000020001800041041000800059082001700067100002300084245013900107250000600246260006100252300001500313650002500328210716s2007 xx 000 0 und d a9780070633780 aeng a005.304 NADR aNandyal, Raghav S. aMaking sense of software quality assurance: gaining from quality audits and assessments.bGaining from quality audits and assessments. a1 aNew DelhibTata McGraw Hill Publishing Company Ltdc2007 axxviii,350 aSoftware Engineering